000 00656nam a2200277Ia 4500
005 20260121124626.0
008 008 260114s9999 xx 000 0 eng d
020 _a9781501760136
037 _aEBOOK
040 _aCRL
040 _beng
040 _cCRL
041 _2eng
041 _aeng
084 _qCRL
100 _aHelleiner, Eric
_9979184
245 4 _aThe Neomercantilists
260 _bWalter de Gruyter
260 _bWalter de Gruyter
260 _c2021
650 _aPolitical Science
_9979185
856 _uhttp://www.degruyter.com/isbn/9781501760136
942 _cEBOOK
999 _c1555990
_d1555990